000 02354cam a22003494a 4500
001 12897595
005 20260324111149.0
008 020816s2003 caub b 001 0 eng
010 _a 2002031453
020 _a9780143029892
035 _a12897595
040 _aDLC
_cDLC
_dDLC
042 _apcc
043 _aa-ii---
082 _a934 THA
100 1 _aThapar, Romila
245 1 0 _aThe Penguin history of early India :
_bfrom the origins to AD 1300 /
_cRomila Thapar.
260 _aNew Delhi :
_bPenguin Books,
_c2002.
300 _axxx, 555 p. :
_bmaps ;
_c25 cm.
500 _aThis new book represents a complete rewriting by the author of her A History of India, vol. 1.
504 _aIncludes bibliographical references (p. 542-544) and index.
505 _aChronology: c. 1000 BC-AD 1300 xiii; Introduction xvii; 1. Perceptions of the Past 1; 2 Landscapes and Peoples 37; 3 Antecedents 69; 4 Towards Chiefdoms and Kingdoms: c. 1200-600 BC (98); 5 States and Cities of the Indo-Gangetic Plain: c. 600-300 BC: 137; 6 The Emergence of Empire: Mauryan India; c. 321-185 BC. 174. 7. Of Politics and Trade: c. 200 BC-AD 300: 209; 8 The Rise of the Mercantile Community: c. 200 BC-AD 300 (245); 9 Threshold Times: c. AD 300-700 2.80; 10. The Peninsula: Emerging Regional Kingdoms C. AD 500-900 32. 6; 11 The Peninsula: Establishing Authorities and Structures c. AD 900-1300: 363; 12 The Politics of Northern India: c. AD 700-1200: 405; 13 Northern India: Distributive Political Economies and Regional Cultures; c. AD 800-1300: 442; Maps 491;
651 0 _aIndia
_xHistory
_yTo 324 B.C.
651 0 _aIndia
_xHistory
_y324 B.C.-1000 A.D.
651 0 _aIndia
_xHistory
_y1000-1526.
856 4 1 _3Table of contents
_uhttp://www.loc.gov/catdir/toc/fy035/2002031453.html
906 _a7
_bcbc
_corignew
_d1
_eocip
_f20
_gy-gencatlg
942 _2ddc
_cBK
999 _c37482
_d37482